Nachname - Vorname :'D! Quiz Stats

 Plays Quiz not verified by Sporcle

Challenge
Share
Tweet
Embed
Score 0/80 Timer 05:00
0 Plays Today
Nachname Vorname % Correct
Das GuptaDennis
81.3%
RoulandsNiklas
81.3%
MöbsManuel
81.3%
DülligenLucas
81.3%
WeiseMarie
75%
CahillMiles
75%
FreythLydia
75%
RösnerNiklas
75%
GretenkortCorinna
75%
LazarFilip
75%
ReckewegLisa
75%
CoxSimon
75%
Castillo (???)Lorena
75%
WolfRebecca
68.8%
KühnThomas
68.8%
GautschSebastian
68.8%
GrantDenise
68.8%
KimozogluIris
68.8%
NitscheChristopher
68.8%
KörtgenNiklas
68.8%
ReckewegPatrick
68.8%
PoradaDaniel
68.8%
PreschAnnika
68.8%
SchellerJonas
62.5%
WagnerTabea
62.5%
PassmannAlex
62.5%
GuoTheron
62.5%
NguyenDanh
62.5%
UhrChristian
62.5%
KühnenSina
62.5%
MichalkWenzel
62.5%
HeckschenThomas
62.5%
SikoraMike
62.5%
LorenzChristian
62.5%
HenzelRobert
62.5%
VißersMichelle
62.5%
RoelenMathias
56.3%
BaummAndreas
56.3%
KistersLisa
56.3%
MollSophie
56.3%
Nachname Vorname % Correct
MoioliPeter
56.3%
LuGang
56.3%
SchleschStefan
56.3%
SchottInna
56.3%
KronenbergFelix
56.3%
LulicNataly
56.3%
AdamkiewiczFabian
56.3%
BaumertHermann
56.3%
LooijenKaren
56.3%
GunnarMichael
56.3%
DoThuy-Trang
56.3%
MaaßenDennis
56.3%
PhamHuy
50%
MosigLucas
50%
MaggioNatascha
50%
SchmidtSusanne
50%
JancewskiBartosz
50%
MamehHicham
50%
HarnischmacherJohannes
50%
BÜCKERSJUSTUS
50%
HoeltersLisa
43.8%
JungNoah
43.8%
SimonDennis
43.8%
FaßbenderNathalie
43.8%
EickmannNils
43.8%
DuXi-Ya
43.8%
BoggelBryan
37.5%
MartensThomas
37.5%
EstersNina
37.5%
SchubertNiko
37.5%
MayPatricia
37.5%
KelmKatharina
37.5%
ThompsonLily
37.5%
MeyerMarcus
31.3%
HörselmannTorben
31.3%
SegermannJacqueline
31.3%
PetryPhilipp
31.3%
NguyenBich-Hien
25%
RuhrbergMoritz
25%
JöschGabriele
25%

You're not logged in!

Compare scores with friends on all Sporcle quizzes.
OR
Log In

You Might Also Like...

Show Comments

Extras

Created Apr 7, 2011ReportNominate

Top Quizzes Today


Score Distribution

Your Account Isn't Verified!

In order to create a playlist on Sporcle, you need to verify the email address you used during registration. Go to your Sporcle Settings to finish the process.

Report this User

Report this user for behavior that violates our Community Guidelines.

Details: